Support of underground excavations in hard rock
Guardat en:
| Autors principals: | , , |
|---|---|
| Format: | Llibre |
| Idioma: | anglès |
| Publicat: |
Nueva York
Taylor and Francis
1995
|
| Edició: | 1a. ed |
| Matèries: | |
| Etiquetes: |
Afegir etiqueta
Sense etiquetes, Sigues el primer a etiquetar aquest registre!
|
MARC
| LEADER | 00000cam a2200000 a 4500 | ||
|---|---|---|---|
| 001 | UCD2787 | ||
| 003 | CL-VaPUC | ||
| 008 | 160505e19950000us |||||||||||||||||eng|d | ||
| 020 | |a 9054101865 | ||
| 020 | |a 9054101873 | ||
| 082 | 0 | 4 | |a 622.2 |b HOE |2 21 |
| 100 | |a Hoek, Evert |e author |9 586152 | ||
| 700 | 0 | |a Kaiser, Peter K |e author |9 586153 | |
| 700 | 0 | |a Bawden, W F |e author |9 586154 | |
| 245 | 1 | 0 | |a Support of underground excavations in hard rock |
| 250 | |a 1a. ed | ||
| 300 | |a 215 p | ||
| 942 | |c BK | ||
| 945 | |d 20160505 16:04:00 |a arojas | ||
| 260 | |a Nueva York |b Taylor and Francis |c 1995 | ||
| 650 | 0 | |a Mecánica de rocas |9 260321 | |
| 650 | 7 | |a EXCAVACIONES |2 CL-VaPUC |9 262499 | |
| 583 | |a last modification |c 20160505 16:04:00 |k Rodrigo Vera | ||
| 999 | |c 363908 |d 363906 | ||
| 952 | |0 0 |1 0 |2 ddc |3 erb |4 0 |6 622_200000000000000_HOE_1995 |7 0 |8 A |9 476742 |a BIBING |b BIBING |c RES |i 528533K |l 2 |o 622.2 HOE 1995 |p 528533K |r 2025-01-20 |s 2022-06-16 |w 2019-11-24 |y BK |z Catalogado en:20160505 |k CIC | ||